000 00953nam0a2200301 4500
001 RU\NLR\bibl\1817347
005 20260406011826.0
010 _a978-5-227-02969-0
_94000
021 _aRU
_b2011-68666
_94848
035 _a(NLR Aleph) 001807922
090 _a1829828
_c1829828
100 _a20111006d2011 |||y0rusy50 ca
101 1 _arus
_ceng
102 _aRU
105 _ay |||||||||
200 1 _aДочь Крови
_eроман
_fЭнн Бишоп
_g[пер. с англ. С.В. Чепелевского]
210 _aМосква
_cЦентрполиграф
_d2011
215 _a540, [2] с.
_d21
225 1 _aМастера фэнтези
686 _aШ6(7США)67-445{Лх1979-62}
700 1 _4070
_8rus
_7ca
_aБишоп
_bЭ.
_f1955-
_gЭнн
_3RU\NLR\AUTH\77117315
_9100240
801 0 _aRU
_bNLR
_c20111006
_gRCR
801 1 _aRU
_bNLR
_c20111006
942 _cBOOK
980 _aNB
980 _aNBR